[Event "Olympiad (under 16)"]
[Site "masterchessopen.com Canary Islands (Spain)"]
[Round "0"]
[White "Paresishvili Giorgi (GEO)"]
[Black "Horvath Adam (HUN)"]
[Result "1-0"]
[WhiteElo "2285"]
[BlackElo "2235"]

1.e4 c5 2.Nf3 Nc6 3.d4 cxd4 4.Nxd4 g6 5.c4 Nf6 6.Nc3 d6 7.Be2 Nxd4 8.Qxd4 Bg7
9.Bg5 O-O 10.Qd2 Be6 11.Rc1 a6 12.O-O Qa5 13.Rfe1 Rfc8 14.b3 b5 15.Nd5 Qxd2
16.Bxd2 Bxd5 17.exd5 Ne4 18.Bg4 Nxd2 19.Bxc8 Rxc8 20.cxb5 Rxc1 21.Rxc1 axb5
22.Rc8+ Bf8 23.a4 Nxb3 24.axb5 Nc5 25.b6 e6 26.dxe6 fxe6 27.Rc7 Na6 28.b7 Nb8
29.Rc8 {#r} 1-0

[Event "It (open)"]
[Site "masterchessopen.com Cannes (France)"]
[Round "0"]
[White "Dorfman Iossif D (FRA)"]
[Black "Nikcevic Nebojsa (MNE)"]
[Result "1-0"]
[WhiteElo "2580"]
[BlackElo "2470"]

1.Nf3 c5 2.c4 Nc6 3.d4 cxd4 4.Nxd4 g6 5.e4 Nf6 6.Nc3 d6 7.Be2 Nxd4 8.Qxd4 Bg7
9.Be3 O-O 10.Qd2 Be6 11.O-O Qa5 12.Rfc1 Rfc8 13.b3 a6 14.a4 Nd7 15.Rab1 b5
16.b4 Qc7 17.Nd5 Bxd5 18.cxb5 Bxe4 19.Rxc7 Rxc7 20.Rc1 {#r} 1-0

[Event "It (open)"]
[Site "masterchessopen.com Cappelle la Grande (France)"]
[Round "3"]
[White "Kawaciukova Zuzana (CZE)"]
[Black "Eusebe Aurelien (FRA)"]
[Result "1-0"]
[WhiteElo "2079"]
[BlackElo "2252"]

1.e4 c5 2.Nf3 Nc6 3.d4 cxd4 4.Nxd4 g6 5.c4 Nf6 6.Nc3 Nxd4 7.Qxd4 d6 8.Bg5 Bg7
9.Qd2 O-O 10.Be2 Be6 11.Rc1 Qa5 12.O-O Rfc8 13.b3 a6 14.a4 b5 15.Bf3 Nd7 16.e5
Rab8 17.exd6 bxc4 18.Nd5 c3 19.Nxe7+ Kh8 20.Qe3 Nc5 21.Nxc8 Rxc8 22.Bd1 Nd3
23.d7 Bxd7 24.Qxd3 Qxg5 25.Qxd7 Rd8 26.Qc7 Be5 27.f4 {#r} 1-0

[Event "It (open)"]
[Site "masterchessopen.com Copenhagen (Denmark)"]
[Round "5"]
[White "Svendsen Thomas (NOR)"]
[Black "Schmied Andreas (GER)"]
[Result "0-1"]
[WhiteElo "2093"]
[BlackElo "2067"]

1.e4 c5 2.Nf3 Nc6 3.d4 cxd4 4.Nxd4 g6 5.c4 Nf6 6.Nc3 d6 7.Be2 Nxd4 8.Qxd4 Bg7
9.O-O O-O 10.Bg5 a6 11.f3 Be6 12.Qd2 Rc8 13.b3 b5 14.cxb5 Rxc3 15.Qxc3 Nxe4
16.Qe3 Nxg5 17.Qxg5 Qb6+ 18.Kh1 Bxa1 19.Rxa1 f6 20.Qd2 axb5 21.Qb4 Rb8 22.Re1
Bf7 23.Bd3 Rb7 24.h4 Kg7 25.Qc3 b4 26.Qb2 Rc7 27.Bc4 d5 28.Bf1 Qc5 29.Rd1 e5
30.g4 Qc2 31.Qa1 Qf2 32.Bg2 Rc2 {#R} 0-1

[Event "Bayern Oberliga"]
[Site "masterchessopen.com Germany"]
[Round "1"]
[White "Gruenberg Hans-Ulrich (GER)"]
[Black "Bocksberger Stefan (GER)"]
[Result "1-0"]
[WhiteElo "2450"]
[BlackElo "2310"]

1.e4 c5 2.Nf3 Nc6 3.d4 cxd4 4.Nxd4 g6 5.c4 Nf6 6.Nc3 Nxd4 7.Qxd4 d6 8.Be2 Bg7
9.O-O O-O 10.Qe3 Qa5 11.Bd2 Qc5 12.Qxc5 dxc5 13.e5 Nd7 14.f4 f6 15.Nd5 fxe5
16.Nxe7+ Kh8 17.Bg4 exf4 18.Rxf4 Rxf4 19.Bxf4 Nb6 20.Nxc8 Nxc8 21.Re1 Nb6
22.b3 Bd4+ 23.Kh1 Rf8 24.g3 h5 25.Bh3 Rf7 26.Re8+ Kh7 27.Bg2 h4 28.Rb8 h3
29.Bxh3 Re7 30.Bg4 {#r} 1-0

[Event "Bundesliga (2nd) East 1995/96"]
[Site "masterchessopen.com Germany"]
[Round "0"]
[White "Weitzer Steffen (GER)"]
[Black "Tennstedt Andreas (GER)"]
[Result "0-1"]
[WhiteElo "2271"]
[BlackElo "2285"]

1.e4 c5 2.Nf3 Nc6 3.d4 cxd4 4.Nxd4 g6 5.c4 Nf6 6.Nc3 d6 7.Be2 Nxd4 8.Qxd4 Bg7
9.O-O O-O 10.Bg5 Be6 11.Qe3 Qb6 12.Qxb6 axb6 13.f3 h6 14.Bd2 Nd7 15.Rfc1 Rfc8
16.Nd1 Rc6 17.Bc3 Rac8 18.Bxg7 Kxg7 19.Ne3 b5 20.Nd5 Bxd5 21.exd5 R6c7 22.b3
bxc4 23.Rxc4 Nb6 24.Rd4 Rc2 25.Bd3 Rd2 26.Re1 Rc3 27.Rxe7 Rc1+ {#R} 0-1

[Event "It (open)"]
[Site "masterchessopen.com Gyongyos (Hungary)"]
[Round "0"]
[White "Radojevic Zoran (SRB)"]
[Black "Eberth Zoltan (HUN)"]
[Result "0-1"]
[WhiteElo "2300"]
[BlackElo "2198"]

1.e4 c5 2.Nf3 Nc6 3.d4 cxd4 4.Nxd4 g6 5.c4 Nf6 6.Nc3 Nxd4 7.Qxd4 d6 8.Be3 Bg7
9.f3 Be6 10.Be2 O-O 11.Qd2 Rc8 12.b3 d5 13.exd5 Nxd5 14.Bd4 Nf4 15.Bxg7 Nxg2+
16.Kd1 Kxg7 17.Bd3 Nf4 18.Be4 Qc7 19.Nb5 Qe5 20.Qc3 Qxc3 21.Nxc3 b6 22.Ke1 f5
23.Bc2 Bxc4 {#R} 0-1

[Event "Cup Tenkes (open)"]
[Site "masterchessopen.com Harkany (Hungary)"]
[Round "0"]
[White "Sulc Damir (CRO)"]
[Black "Horvath Adam (HUN)"]
[Result "0-1"]
[WhiteElo "2251"]
[BlackElo "2235"]

1.e4 c5 2.Nf3 Nc6 3.d4 cxd4 4.Nxd4 g6 5.c4 Nf6 6.Nc3 d6 7.Be2 Nxd4 8.Qxd4 Bg7
9.Be3 O-O 10.Qd2 Be6 11.O-O Qa5 12.Rac1 a6 13.f4 b5 14.cxb5 axb5 15.f5 b4
16.fxe6 bxc3 17.exf7+ Kh8 18.Qxc3 Qxc3 19.Rxc3 Rxa2 20.Rc7 Rxb2 21.Bc4 Ng4
22.Ba7 Rc2 23.Bb6 Be5 24.Be6 Rxc7 25.Bxc7 Bd4+ 26.Kh1 Nf2+ 27.Kg1 Nxe4+ 28.Kh1
Ng5 29.Bd5 Kg7 30.Re1 Bf6 31.h4 Nxf7 {#R} 0-1

[Event "It (open)"]
[Site "masterchessopen.com Hungary"]
[Round "4"]
[White "Kiss Gedeon (HUN)"]
[Black "Horvath Adam (HUN)"]
[Result "0-1"]
[WhiteElo "2120"]
[BlackElo "2235"]

1.e4 c5 2.Nf3 Nc6 3.d4 cxd4 4.Nxd4 g6 5.c4 Nf6 6.Nc3 d6 7.Be2 Nxd4 8.Qxd4 Bg7
9.Bg5 O-O 10.Qd2 Be6 11.O-O Qa5 12.Rac1 Rfc8 13.b3 a6 14.f4 b5 15.f5 Bd7
16.fxg6 hxg6 17.e5 Ng4 18.Nd5 Qxd2 19.Bxd2 Re8 20.Nb6 Nxe5 21.Nxd7 Nxd7
22.cxb5 axb5 23.Bxb5 Bd4+ 24.Kh1 Rxa2 25.Rc7 Rxd2 26.Rxd7 Rb8 27.Bc4 Bf6 28.g4
Ra8 29.g5 Raa2 30.Rd8+ Kh7 31.Bd5 Rxh2+ 32.Kg1 Bd4+ {#R} 0-1

[Event "It (open)"]
[Site "masterchessopen.com New York (USA)"]
[Round "0"]
[White "Holmsgaard Henrik (DEN)"]
[Black "Mc Clelland Shearwood (USA)"]
[Result "1-0"]
[WhiteElo "2295"]
[BlackElo "2206"]

1.Nf3 c5 2.c4 Nc6 3.d4 cxd4 4.Nxd4 g6 5.e4 Nf6 6.Nc3 d6 7.Be2 Nxd4 8.Qxd4 Bg7
9.O-O O-O 10.Bg5 Be6 11.Qd2 Qa5 12.Rac1 Rfc8 13.b3 a6 14.f4 b5 15.f5 b4
16.fxe6 bxc3 17.exf7+ Kf8 18.Qf4 Qxa2 19.Bg4 Rc5 20.Bxf6 Bxf6 21.Qh6+ Bg7
22.Qxh7 e6 23.Qg8+ Ke7 24.Qxg7 Rf8 25.Qf6+ Kd7 26.Qxe6+ Kc7 27.Qd7+ Kb6
28.Qxd6+ Rc6 29.Qxf8 Qd2 30.Qb8+ {#r} 1-0

[Event "VK3 1995/96"]
[Site "masterchessopen.com NRW (Germany)"]
[Round "0"]
[White "Reichelt Manfred (GER)"]
[Black "Lelchuk Zoja (GER)"]
[Result "0-1"]
[WhiteElo "2041"]
[BlackElo "2335"]

1.e4 c5 2.Nf3 Nc6 3.d4 cxd4 4.Nxd4 g6 5.c4 Nf6 6.Nc3 Nxd4 7.Qxd4 d6 8.Be3 Bg7
9.Be2 O-O 10.Qd2 Be6 11.O-O Qa5 12.Rad1 Rfc8 13.b3 b5 14.Nd5 Qxd2 15.Rxd2 Bxd5
16.exd5 Ne4 17.Rc2 b4 18.f4 a5 19.f5 a4 20.Bg4 axb3 21.axb3 Nf6 22.Bd1 gxf5
23.Rxf5 Ne4 24.Rf4 Nc3 25.Bh5 Rf8 26.Rcf2 f5 27.g4 Nd1 28.Bd4 Bxd4 {#R} 0-1

[Event "It (open) (juniors)"]
[Site "masterchessopen.com Plzen (Czech Republic)"]
[Round "4"]
[White "Forster Richard (SUI)"]
[Black "Ptacnikova Lenka (ISL)"]
[Result "1-0"]
[WhiteElo "2370"]
[BlackElo "2200"]

1.e4 c5 2.Nf3 Nc6 3.d4 cxd4 4.Nxd4 g6 5.c4 Nf6 6.Nc3 d6 7.Be2 Nxd4 8.Qxd4 Bg7
9.Bg5 O-O 10.Qd2 Be6 11.O-O Qa5 12.Rab1 Rfc8 13.b3 a6 14.f4 Nd5 15.exd5 Bxc3
16.Qc2 Bxd5 17.Bxe7 b5 18.Rbc1 Qb6+ 19.Kh1 Qb7 20.Bg4 f5 21.Bf3 Bxf3 22.Rxf3
Bb4 23.Qe2 Qe4 24.Re3 Qxf4 25.Rf1 Qd4 26.Rd1 Qb6 27.Rh3 h5 28.Qe6+ Kh7 29.Qf7+
Kh6 30.Rg3 {#r} 1-0

[Event "It (open)"]
[Site "masterchessopen.com Sarospatak (Hungary)"]
[Round "0"]
[White "Toth Tamas (HUN)"]
[Black "Gonczi Jozsef (HUN)"]
[Result "0-1"]
[WhiteElo "1994"]
[BlackElo "2138"]

1.e4 c5 2.Nf3 Nc6 3.d4 cxd4 4.Nxd4 g6 5.c4 Nf6 6.Nc3 Nxd4 7.Qxd4 d6 8.Be2 Bg7
9.Be3 O-O 10.O-O Ng4 11.Qd2 Nxe3 12.Qxe3 Be6 13.b3 Rc8 14.Rac1 Bxc3 15.Rxc3
Qa5 16.Rfc1 Qxa2 17.Qh6 Qxe2 18.f4 Qxe4 19.f5 Bxf5 20.Re3 Qd4 21.Kf1 b5 22.Rb1
Bxb1 23.Rh3 Qg7 24.Qe3 Qf6+ 25.Rf3 Qe6 26.Qh6 bxc4 27.Rh3 Qf6+ 28.Kg1 Qg7
29.Qe3 c3 {#R} 0-1

[Event "It (open)"]
[Site "masterchessopen.com St. Ingbert (Germany)"]
[Round "7"]
[White "Lau Ralf (GER)"]
[Black "Boutroy Alexis (FRA)"]
[Result "1-0"]
[WhiteElo "2490"]
[BlackElo "2210"]

1.e4 c5 2.Nf3 Nc6 3.d4 cxd4 4.Nxd4 g6 5.c4 Nf6 6.Nc3 Nxd4 7.Qxd4 d6 8.Be2 Bg7
9.Be3 O-O 10.Qd2 Be6 11.O-O a6 12.Rfc1 Qa5 13.Rab1 Rfc8 14.b3 b5 15.b4 Qc7
16.cxb5 axb5 17.Nxb5 Qb7 18.Rxc8+ Qxc8 19.Nc3 Ra3 20.Bd4 Qa8 21.Qb2 Nxe4
22.Bxg7 Nxc3 23.Bxc3 Rxa2 24.Ra1 {#r} 1-0

[Event "Ch Europe (juniors) (under 20) (g)"]
[Site "masterchessopen.com Zanka (Hungary)"]
[Round "7"]
[White "Grabics Monika (HUN)"]
[Black "Lakos Nikoletta (HUN)"]
[Result "0-1"]
[WhiteElo "2260"]
[BlackElo "2275"]

1.e4 c5 2.Nf3 Nc6 3.d4 cxd4 4.Nxd4 g6 5.c4 Nf6 6.Nc3 d6 7.Be2 Nxd4 8.Qxd4 Bg7
9.O-O O-O 10.Qe3 Be6 11.Rb1 Qb6 12.Qd3 Rfc8 13.b3 Nd7 14.Be3 Ne5 15.Qd1 Qa5
16.Bd4 Nc6 17.Bxg7 Kxg7 18.Nd5 Qxa2 19.Nf4 Qa5 20.Nxe6+ fxe6 21.Bg4 Qe5 22.Qd3
Rf8 23.g3 Rf6 24.Rbd1 Qc5 25.Kh1 Rxf2 26.Bxe6 Raf8 27.Rxf2 Qxf2 28.Qc3+ Ne5
29.b4 Qe2 30.Qe1 Qf3+ 31.Kg1 Qf6 {#R} 0-1

[Event "Memorial J.Donner (open)"]
[Site "masterchessopen.com Amsterdam (Netherlands)"]
[Round "7"]
[White "Nijboer Friso (NED)"]
[Black "Van Der Weide Karel (BEL)"]
[Result "1-0"]
[WhiteElo "2525"]
[BlackElo "2365"]

1.e4 c5 2.Nf3 Nc6 3.d4 cxd4 4.Nxd4 g6 5.c4 Nf6 6.Nc3 Nxd4 7.Qxd4 d6 8.Bg5 Bg7
9.Qd2 O-O 10.Bd3 Be6 11.Rc1 Qa5 12.Nd5 Qxd2+ 13.Kxd2 Bxd5 14.cxd5 Rfc8 15.f3
Kf8 16.Be3 a6 17.b4 e6 18.dxe6 fxe6 19.h4 Ke7 20.a4 d5 21.e5 Ng8 22.f4 Nh6
23.h5 Nf5 24.Bc5+ Kf7 25.g4 Nh6 26.hxg6+ hxg6 27.a5 Rh8 28.Bd6 Rac8 29.g5 Nf5
30.Rxh8 Rxc1 31.Rb8 {#r} 1-0

[Event "It (open)"]
[Site "masterchessopen.com Ano Liosia (Greece)"]
[Round "5"]
[White "Tringov Georgi P (BUL)"]
[Black "Sideris Theodoros (GRE)"]
[Result "1-0"]
[WhiteElo "2395"]
[BlackElo "2012"]

1.e4 c5 2.Nf3 Nc6 3.d4 cxd4 4.Nxd4 g6 5.c4 Nf6 6.Nc3 Nxd4 7.Qxd4 d6 8.Bg5 Bg7
9.Qd2 O-O 10.Bd3 Be6 11.O-O Rc8 12.b3 Nd7 13.Rac1 Nc5 14.Bb1 a5 15.Nd5 Bxd5
16.exd5 Qc7 17.Rfe1 e6 18.dxe6 Nxe6 19.Be3 Qc6 20.Qxa5 Ra8 21.Qd2 b6 22.Red1
Rfd8 23.Qd5 Qc7 24.b4 Be5 25.g3 Ra3 26.Rd3 Rda8 27.Rcd1 Rxd3 28.Qxa8+ Kg7
29.Bxd3 {#r} 1-0

[Event "It (open)"]
[Site "masterchessopen.com Cseppko (Hungary)"]
[Round "4"]
[White "Szurovszky Elek (HUN)"]
[Black "Polyak Istvan (HUN)"]
[Result "1-0"]
[WhiteElo "2124"]
[BlackElo "2105"]

1.e4 c5 2.Nf3 Nc6 3.d4 cxd4 4.Nxd4 g6 5.c4 Nf6 6.Nc3 Nxd4 7.Qxd4 d6 8.c5 e5
9.Qa4+ Bd7 10.Bb5 dxc5 11.Bg5 Be7 12.Bxf6 Bxf6 13.Rd1 O-O 14.Rxd7 Qc8 15.Nd5
Bd8 16.Ne7+ Bxe7 17.Rxe7 a6 18.Be2 Qd8 19.Rxb7 Qg5 20.O-O Rad8 21.Bxa6 Rd4
22.Qc6 h5 23.Qxc5 h4 24.f4 Qg4 25.h3 Qg3 26.Rb3 {#r} 1-0

[Event "Ch France (team) (juniors) (under 18)"]
[Site "masterchessopen.com France"]
[Round "0"]
[White "Cour Timothee (FRA)"]
[Black "Marzolo Cyril (FRA)"]
[Result "0-1"]
[WhiteElo "2084"]
[BlackElo "2200"]

1.e4 c5 2.Nf3 Nc6 3.d4 cxd4 4.Nxd4 g6 5.c4 Nf6 6.Nc3 d6 7.f3 Nxd4 8.Qxd4 Bg7
9.Be3 O-O 10.Qd2 Be6 11.Be2 Rc8 12.Nd5 b6 13.Bg5 Qd7 14.O-O Qb7 15.Bxf6 exf6
16.Ne3 Rcd8 17.Qd3 Rfe8 18.Rad1 Bc8 19.b3 f5 20.exf5 Qe7 21.Kf2 Bh6 22.Ng4 Bg5
23.fxg6 hxg6 24.Qe4 Qc7 25.Qd4 Bxg4 26.Qxg4 Qc5+ 27.Ke1 Rxe2+ {#R} 0-1

[Event "Ch Germany (juniors) (team)"]
[Site "masterchessopen.com Germany"]
[Round "0"]
[White "Enzmann Steffen (GER)"]
[Black "Schmenger Felix (GER)"]
[Result "0-1"]
[WhiteElo "2135"]
[BlackElo "2282"]

1.e4 c5 2.Nf3 Nc6 3.d4 cxd4 4.Nxd4 g6 5.c4 Nf6 6.Nc3 Nxd4 7.Qxd4 d6 8.Be2 Bg7
9.O-O O-O 10.Qd1 Be6 11.Be3 Qa5 12.Rc1 Rfc8 13.b3 a6 14.f4 b5 15.e5 dxe5
16.fxe5 Rd8 17.Qc2 Nd7 18.cxb5 axb5 19.Nxb5 Qxa2 20.Nc7 Bxb3 21.Qd3 Nxe5
22.Qb5 Ba4 23.Qb7 Qxe2 {#R} 0-1

[Event "Ch Greece (active)"]
[Site "masterchessopen.com Greece"]
[Round "8"]
[White "Prentos Konstantinos (GRE)"]
[Black "Banikas Hristos (GRE)"]
[Result "1-0"]
[WhiteElo "2270"]
[BlackElo "2445"]

1.e4 c5 2.Nf3 Nc6 3.d4 cxd4 4.Nxd4 g6 5.c4 Nf6 6.Nc3 d6 7.Be2 Nxd4 8.Qxd4 Bg7
9.Bg5 Be6 10.O-O O-O 11.Qd2 a6 12.Bh6 Bxh6 13.Qxh6 Rc8 14.b3 b5 15.Rfd1 bxc4
16.e5 Ng4 17.Bxg4 Bxg4 18.Rd4 Qd7 19.h3 Bh5 20.Ne4 f6 21.exf6 exf6 22.bxc4 Be2
23.Re1 Rxc4 24.Rxd6 Qe7 25.Nxf6+ Rxf6 26.Rxf6 Qxf6 27.Rxe2 Rc1+ 28.Qxc1 {#r}
1-0

[Event "Ch Hungary (team) 1996/97 (2 liga)"]
[Site "masterchessopen.com Hungary"]
[Round "4"]
[White "Pinter Gabor (HUN)"]
[Black "Diamant Tibor (HUN)"]
[Result "1-0"]
[WhiteElo "2195"]
[BlackElo "2104"]

1.e4 c5 2.Nf3 Nc6 3.d4 cxd4 4.Nxd4 g6 5.c4 Nf6 6.Nc3 Nxd4 7.Qxd4 d6 8.Be2 Bg7
9.Bg5 O-O 10.Qd2 Be6 11.Rc1 Rc8 12.b3 Nd7 13.O-O Kh8 14.f3 Qe8 15.Nd5 f6
16.Be3 b6 17.b4 Ne5 18.f4 Nd7 19.Bf3 Bg8 20.Be2 Qf7 21.a4 Rfd8 22.Nc3 f5
23.exf5 gxf5 24.Bd4 Nf6 25.Rfd1 e5 26.Bf2 Qf8 27.Nd5 Bxd5 28.cxd5 Ne4 29.Qd3
Qe7 30.fxe5 Bxe5 31.Bd4 Qg7 {#r} 1-0

[Event "Ch Pfalz (open)"]
[Site "masterchessopen.com Landau (Germany)"]
[Round "0"]
[White "Lambert Andreas (GER)"]
[Black "Loos Udo (GER)"]
[Result "1-0"]
[WhiteElo "2204"]
[BlackElo "2033"]

1.e4 c5 2.Nf3 Nc6 3.d4 cxd4 4.Nxd4 g6 5.c4 Nf6 6.Nc3 Nxd4 7.Qxd4 d6 8.Be2 Bg7
9.Bg5 O-O 10.O-O Bd7 11.Qd2 Re8 12.f3 Qa5 13.Rfd1 Rac8 14.Be3 Bc6 15.a3 Ba4
16.b4 {#r} 1-0

[Event "Tournament (Elo)"]
[Site "masterchessopen.com Mexico"]
[Round "1"]
[White "Norgaard Jesper (DEN)"]
[Black "Gonzalez Roberto (MEX)"]
[Result "1-0"]
[WhiteElo "2350"]
[BlackElo "2267"]

1.e4 c5 2.Nf3 g6 3.d4 cxd4 4.Nxd4 Nc6 5.c4 Nf6 6.Nc3 Nxd4 7.Qxd4 d6 8.Be2 Bg7
9.O-O O-O 10.Qe3 Be6 11.Bd2 Qc7 12.Rac1 Rfc8 13.Nd5 Qd8 14.Bc3 Nd7 15.Bxg7
Kxg7 16.Qd4+ Kg8 17.b3 Ne5 18.Rc3 Qf8 19.f4 Nd7 20.Re3 Bxd5 21.exd5 Rc7 22.Re1
b6 23.Bg4 Nf6 24.Bf3 Re8 25.Qxf6 {#r} 1-0

[Event "It (open)"]
[Site "masterchessopen.com Sarospatak (Hungary)"]
[Round "0"]
[White "Szurovszky Elek (HUN)"]
[Black "Deak Sandor (HUN)"]
[Result "0-1"]
[WhiteElo "2124"]
[BlackElo "2325"]

1.e4 c5 2.Nf3 Nc6 3.d4 cxd4 4.Nxd4 g6 5.c4 Nf6 6.Nc3 Nxd4 7.Qxd4 d6 8.c5 dxc5
9.Bb5+ Bd7 10.Qxc5 e6 11.Bxd7+ Qxd7 12.Qe5 Bg7 13.Bg5 Nh5 14.Qa5 O-O 15.O-O b6
16.Qb4 Qc7 17.Rac1 Qe5 18.Be7 Rfc8 19.Bd6 Qd4 20.Qa3 Qd2 21.Rfd1 Qg5 22.Ne2
Rxc1 23.Rxc1 Qd2 24.Qe3 {#R} 0-1

[Event "It (open)"]
[Site "masterchessopen.com Sarospatak (Hungary)"]
[Round "0"]
[White "Szurovszky Elek (HUN)"]
[Black "Kovacs Tamas (HUN)"]
[Result "1-0"]
[WhiteElo "2124"]
[BlackElo "2149"]

1.e4 c5 2.Nf3 Nc6 3.d4 cxd4 4.Nxd4 g6 5.c4 Nf6 6.Nc3 Nxd4 7.Qxd4 d6 8.c5 dxc5
9.Bb5+ Bd7 10.Qxc5 Rc8 11.Qxa7 Bxb5 12.Nxb5 Nxe4 13.O-O Qd5 14.Qa4 Qc6 15.Be3
Nc5 16.Bxc5 {#r} 1-0

[Event "It (open)"]
[Site "masterchessopen.com Sarospatak (Hungary)"]
[Round "0"]
[White "Szurovszky Elek (HUN)"]
[Black "Simon Nandor (HUN)"]
[Result "1-0"]
[WhiteElo "2124"]
[BlackElo "2113"]

1.e4 c5 2.Nf3 Nc6 3.d4 cxd4 4.Nxd4 g6 5.c4 Nf6 6.Nc3 Nxd4 7.Qxd4 d6 8.c5 Bg7
9.cxd6 exd6 10.Bb5+ Bd7 11.Qxd6 Nxe4 12.Bxd7+ Qxd7 13.Nxe4 Qxd6 14.Nxd6+ Kd7
15.Nc4 Rac8 16.Ne3 f5 17.g3 Bh6 18.O-O {#r} 1-0

[Event "Ch Russia (juniors) (under 12) (g)"]
[Site "masterchessopen.com Volgograd (Russia)"]
[Round "3"]
[White "Meshcheriakova Evgenia (RUS)"]
[Black "Kuzmina Olga (RUS)"]
[Result "1-0"]
[WhiteElo "2259"]
[BlackElo "2249"]

1.e4 c5 2.Nf3 Nc6 3.d4 cxd4 4.Nxd4 g6 5.c4 Nf6 6.Nc3 d6 7.Be2 Nxd4 8.Qxd4 Bg7
9.Be3 O-O 10.Qd2 Be6 11.O-O Qa5 12.Rac1 Rfc8 13.b3 Rab8 14.f3 a6 15.Nd5 Qxd2
16.Bxd2 Bxd5 17.cxd5 Nd7 18.Rxc8+ Rxc8 19.Rc1 Rc5 20.Be3 Bd4 21.Bxd4 Rxc1+
22.Kf2 Rc2 23.a3 Ra2 24.a4 Nc5 {#r} 1-0

[Event "It (open)"]
[Site "masterchessopen.com Wattens (Austria)"]
[Round "1"]
[White "Hillgarter Christoph"]
[Black "Riedl Johannes (AUT)"]
[Result "1-0"]
[WhiteElo "1900"]
[BlackElo "2149"]

1.e4 c5 2.Nf3 Nc6 3.d4 cxd4 4.Nxd4 g6 5.c4 Nf6 6.Nc3 Nxd4 7.Qxd4 d6 8.Be2 Bg7
9.O-O O-O 10.Qd3 Ng4 11.Nd5 Ne5 12.Qb3 b6 13.Be3 Bb7 14.Rfd1 Bxd5 15.cxd5 Nd7
16.f3 Nc5 17.Qa3 Qd7 18.Rac1 Rfc8 19.Qb4 a6 20.b3 Rcb8 21.Rc2 h5 22.Rdc1 h4
23.Qe1 Rc8 24.Qxh4 f5 25.b4 Na4 26.Rxc8+ Rxc8 27.Rxc8+ Qxc8 28.Qxe7 Qc2 29.Bf1
fxe4 30.Qxe4 Qxa2 31.Qxg6 Qxd5 32.Qe8+ {#r} 1-0

[Event "It (cat.18)"]
[Site "masterchessopen.com Belgrade (Yugoslavia)"]
[Round "1"]
[White "Ivanchuk Vassily (UKR)"]
[Black "Georgiev Kiril (MKD)"]
[Result "1-0"]
[WhiteElo "2725"]
[BlackElo "2670"]

1.c4 c5 2.Nf3 g6 3.d4 cxd4 4.Nxd4 Nc6 5.e4 Nf6 6.Nc3 d6 7.f3 Nxd4 8.Qxd4 Bg7
9.Be3 O-O 10.Qd2 Be6 11.Rc1 Qa5 12.b3 Rfc8 13.Be2 a6 14.Na4 { ! ? } 14...Qxd2+
15.Kxd2 Nd7 16.g4 ( 16.Rhd1 f5 17.exf5 gxf5 18.Ke1 Kf7 19.Nc3 Bxc3+ 20.Rxc3 b5
21.g4 fxg4 22.fxg4 bxc4 23.bxc4 Ne5 24.Rd4 Rab8 { = Kir. Georgiev - Tiviakov,
Groningen 1994 } ) 16...f5 17.exf5 gxf5 18.h3 Rf8 ( 18...Rc7 19.f4 { ? } )
19.f4 Nf6 ( 19...Rad8 20.Nc3 d5 21.gxf5 Bxf5 22.cxd5 { ? } ) ( 19...d5 20.cxd5
Bxd5 21.Rhd1 Rac8 22.gxf5 b5 23.Rxc8 Rxc8 24.Ke1 { ? 19... ?ad8 - Am.
Rodriguez - Antunac, Matanzas 1994 } ) 20.Rhg1 Rad8 ( 20...Ne4+ 21.Ke1 fxg4
22.Bd3 { ! ? } ) 21.Bb6 Rc8 ( 21...Ne4+ 22.Ke3 { ! ± } ) ( 21...Rde8 { !? }
22.Nc3 Bd7 { ? } ) 22.Nc3 Rc6 23.Be3 fxg4 { ?! } ( 23...Rd8 { !? } ) 24.hxg4
d5 25.f5 { ! ± } 25...Rd8 ( 25...Bf7 26.g5 Ne4+ 27.Nxe4 dxe4 28.Rg4 { ± } )
26.Ke1 { ! } 26...d4 27.Rd1 { ! } 27...Rcd6 28.c5 { ! +?? } 28...Nd5 29.cxd6
Nxe3 30.dxe7 Re8 31.fxe6 Rxe7 ( 31...dxc3 32.Rd8 { +?? } ) 32.Ne4 { } {#r} 1-0

[Event "It (open)"]
[Site "masterchessopen.com Chemnitz (Germany)"]
[Round "2"]
[White "Eickhoff Hermann (GER)"]
[Black "Szekely Peter (HUN)"]
[Result "0-1"]
[WhiteElo "2010"]
[BlackElo "2465"]

1.e4 c5 2.Nf3 Nc6 3.d4 cxd4 4.Nxd4 g6 5.c4 Nf6 6.Nc3 d6 7.Be2 Nxd4 8.Qxd4 Bg7
9.f3 O-O 10.Qf2 Be6 11.Be3 Qa5 12.O-O Rfc8 13.Nd5 Bxd5 14.exd5 b5 15.cxb5 Nxd5
16.Rad1 Qxa2 17.Rd2 Nxe3 18.Qxe3 Qa5 19.Rfd1 Qb6 20.Qxb6 axb6 21.b3 Bc3 22.Rd3
Bb4 23.Kf1 Ra2 24.f4 Rcc2 25.Bf3 Bc5 26.Rd5 Rf2+ {#R} 0-1

[Event "Memorial Konstantinopolsky (corr.)"]
[Site "masterchessopen.com corr."]
[Round "0"]
[White "Hlusevich Sergey (RUS)"]
[Black "Orseth Dag S (NOR)"]
[Result "1-0"]
[WhiteElo "2380"]
[BlackElo "2282"]

1.e4 c5 2.Nf3 Nc6 3.d4 cxd4 4.Nxd4 g6 5.c4 Nf6 6.Nc3 d6 7.Be2 Nxd4 8.Qxd4 Bg7
9.Bd2 O-O 10.Qe3 Qb6 11.Rb1 Bd7 12.O-O Bc6 13.Qd3 Rfc8 14.b4 Qd8 15.Rfc1 a5
16.b5 Bd7 17.Be3 Be6 18.Nd5 Nd7 19.b6 Bxd5 20.cxd5 Nc5 21.Qc2 a4 22.Bg4 Nd7
23.Qd1 Rxc1 24.Qxc1 Nf6 25.Bf3 Rc8 26.Qa3 Qd7 27.Rc1 Ng4 28.Rc7 Rxc7 29.bxc7
Nf6 30.Bb6 Qc8 31.Qxa4 Nd7 32.Qa7 {#r} 1-0

[Event "It (open)"]
[Site "masterchessopen.com Debrecen (Hungary)"]
[Round "7"]
[White "Nagy Karoly (HUN)"]
[Black "Medvegy Zoltan (HUN)"]
[Result "0-1"]
[WhiteElo "2122"]
[BlackElo "2360"]

1.e4 c5 2.Nf3 Nc6 3.d4 cxd4 4.Nxd4 g6 5.c4 Nf6 6.Nc3 Nxd4 7.Qxd4 d6 8.Be2 Bg7
9.Bd2 O-O 10.Rc1 Be6 11.O-O Ng4 12.Qd3 Ne5 13.Qc2 Nxc4 14.Bg5 Rc8 15.Rfd1 Re8
16.Bxc4 Rxc4 17.Qe2 Qa5 18.Bd2 Qa6 19.a3 Rc6 20.Qf3 Qb6 21.Rb1 a6 22.h4 h5
23.Qd3 Qb3 24.f4 Qc4 25.Qc2 Qc5+ 26.Kh1 Qf2 27.Re1 Bd4 28.g3 Bg4 {#R} 0-1

[Event "Ch France (team) 1996/97"]
[Site "masterchessopen.com France"]
[Round "2"]
[White "Renet Olivier (FRA)"]
[Black "Adrian Claude (FRA)"]
[Result "1-0"]
[WhiteElo "2520"]
[BlackElo "2335"]

1.e4 c5 2.Nf3 Nc6 3.d4 cxd4 4.Nxd4 g6 5.c4 Nf6 6.Nc3 d6 7.Be2 Nxd4 8.Qxd4 Bg7
9.Bg5 O-O 10.Qd2 Be6 11.O-O a6 12.Rad1 b5 13.cxb5 axb5 14.a3 Qa5 15.Bxb5 Nxe4
16.Nxe4 Qxb5 17.Bxe7 Rfb8 18.Bxd6 Rd8 19.Qb4 Qxb4 20.axb4 Bxb2 21.Rb1 Ra2
22.Be7 {#r} 1-0

[Event "It (open)"]
[Site "masterchessopen.com Groningen (Netherlands)"]
[Round "8"]
[White "Berelovich Aleksandar (GER)"]
[Black "Van Der Weide Karel (BEL)"]
[Result "1-0"]
[WhiteElo "2515"]
[BlackElo "2375"]

1.e4 c5 2.Nf3 Nc6 3.d4 cxd4 4.Nxd4 g6 5.c4 Nf6 6.Nc3 d6 7.Be2 Nxd4 8.Qxd4 Bg7
9.Bg5 O-O 10.Qd2 Be6 11.Rc1 Qa5 12.O-O a6 13.b3 b5 14.cxb5 axb5 15.Bxb5 Rac8
16.Bd3 Rxc3 17.Rxc3 Nxe4 18.Bxe4 Bxc3 19.Qd3 d5 20.Bf3 Bg7 21.Be3 Bd7 22.Bd4
Bxd4 23.Qxd4 Qxa2 24.Ra1 {#r} 1-0